LEADER 01923nas 2200553-a 450 001 996209245603316 005 20240413023935.0 035 $a(DE-599)ZDB2051793-2 035 $a(CKB)110978984570483 035 $a(CONSER)--2006243047 035 $a(EXLCZ)99110978984570483 100 $a20040727a19999999 --- - 101 0 $ager 181 $ctxt$2rdacontent 182 $cc$2rdamedia 183 $acr$2rdacarrier 200 10$aJournal für Ernährungsmedizin 205 $a[Ausg. für Österreich]. 210 $aGablitz [Austria] $cKrause & Pachernegg 215 $a1 online resource 300 $aRefereed/Peer-reviewed 300 $aVols. for <2005-> called: Österreich [ausg.]. 311 08$aPrint version: Journal für Ernährungsmedizin (Ausg. für Österreich : Print) 1563-2873 (DLC) 2006243047 (OCoLC)63290277 531 0 $aJ. Ernähr.med. 606 $aNutrition disorders$vPeriodicals 606 $aNutritionally induced diseases$vPeriodicals 606 $aDiet therapy$vPeriodicals 606 $aNutrition Disorders 606 $aDiet Therapy 606 $aDiet therapy$2fast$3(OCoLC)fst00893321 606 $aNutrition disorders$2fast$3(OCoLC)fst01042278 606 $aNutritionally induced diseases$2fast$3(OCoLC)fst01042325 608 $aPeriodicals. 608 $aPeriodicals.$2fast 615 0$aNutrition disorders 615 0$aNutritionally induced diseases 615 0$aDiet therapy 615 12$aNutrition Disorders. 615 22$aDiet Therapy. 615 7$aDiet therapy. 615 7$aNutrition disorders. 615 7$aNutritionally induced diseases. 712 02$aÖsterreichisches Akademisches Institut für Ernährungsmedizin. 712 02$aÖsterreichische Adipositasgesellschaft. 906 $aJOURNAL 912 $a996209245603316 920 $aexl_impl conversion 996 $aJournal für Ernährungsmedizin$92249016 997 $aUNISA